000 01015nam a2200325 a 4500
001 2335178
003 OSt
005 20140310184455.0
008 820723s1981 enka j 000 1 eng
010 _a 82101341
015 _aGB***
020 _a0224019015 :
_c£3.95
040 _aDLC
_cDLC
_dDLC
042 _alcac
050 0 0 _aPZ 7
_b.D1515Ge 1981
082 0 0 _a[Fic]
100 1 _aDahl, Roald.
_93827
245 1 0 _aGeorge's marvellous medicine /
_cRoald Dahl ; illustrations by Quentin Blake.
260 _aNew York
_bScholastic Inc.
_c1981.
300 _a96 p. :
_bill. ;
_c24 cm.
520 _aGeorge decides that his grumpy, selfish old grandmother must be a witch and concocts some marvelous medicine to take care of her.
521 _aG2
526 _c490
650 1 _aGrandmothers
_xFiction.
_928273
650 1 _aMagic
_xFiction.
_928274
700 1 _aBlake, Quentin,
_eill.
_928275
906 _a7
_bcbc
_corignew
_d4
_encip
_f19
_gy-gencatlg
942 _2lcc
_cBK-SCHOLAS
999 _c34641
_d34641